[Event "Railway 5 Countries 32nd"]
[Site "Berlin"]
[Date "2022.09.17"]
[Round "5.2"]
[White "Schuettig, Ruediger"]
[Black "Madsen, Michael Ole"]
[Result "1-0"]
[WhiteElo "2232"]
[BlackElo "2081"]
[PlyCount "113"]
[EventDate "2022.09.15"]
[EventType "team-tourn"]
[EventRounds "5"]
[EventCountry "GER"]
[SourceTitle "CBM 210 Extra"]
[Source "ChessBase"]
[SourceDate "2022.11.30"]
[SourceVersion "1"]
[SourceVersionDate "2022.11.30"]
[SourceQuality "1"]
[WhiteTeam "Germany"]
[BlackTeam "Denmark"]
[WhiteTeamCountry "GER"]
[BlackTeamCountry "DEN"]

1. g3 d5 2. Bg2 Nf6 3. Nf3 Bf5 4. c4 e6 5. Nh4 Be4 6. Bxe4 Nxe4 7. d3 Nf6 8. Qb3 Qc8 9. Bg5 Nbd7 10. Bxf6 Nxf6 11. Nf3 Be7 12. Nc3 c6 13. e4 dxe4 14. dxe4 Qc7 15. 0-0 0-0 16. e5 Nd7 17. Rfe1 Nc5 18. Qc2 a5 19. Rad1 Rad8 20. Ne4 Rxd1 21. Rxd1 Rd8 22. Rxd8+ Qxd8 23. Nxc5 Bxc5 24. Kg2 h6 25. b3 Qd7 26. Qd2 Qxd2 27. Nxd2 Kf8 28. Ne4 b6 29. f4 Ke7 30. Kf3 Ba3 31. Nc3 Bb4 32. Na4 Bc5 33. Ke4 Kd7 34. g4 Ke7 35. h4 g6 36. h5 gxh5 37. gxh5 Kd7 38. Nb2 Ke7 39. Nd3 Kd7 40. Ne1 Ke7 41. Nf3 Kd7 42. Nh2 Bf8 43. Ng4 c5 44. f5 Bg7 45. f6 Bf8 46. Kd3 Kc6 47. Kc3 Kd7 48. Ne3 Kc6 49. Ng2 Kc7 50. Nf4 Kc6 51. Ng6 Bd6 52. exd6 Kxd6 53. Nh8 Ke5 54. Nxf7+ Kxf6 55. Nxh6 Kg5 56. Nf7+ Kxh5 57. Kd3 1-0

[Event "EU-chT Railways USIC"]
[Site "Korenov"]
[Date "2017.10.10"]
[Round "1.6"]
[White "Schuettig, Ruediger"]
[Black "Bartos, Alois"]
[Result "1-0"]
[WhiteElo "2240"]
[BlackElo "1872"]
[PlyCount "83"]
[EventDate "2017.10.10"]
[EventType "team-tourn"]
[EventRounds "5"]
[EventCountry "CZE"]
[SourceTitle "CBM 181 Extra"]
[Source "ChessBase"]
[SourceDate "2017.12.12"]
[SourceVersion "1"]
[SourceVersionDate "2017.12.12"]
[SourceQuality "1"]
[WhiteTeam "Germany"]
[BlackTeam "Czech Republic"]
[WhiteTeamCountry "GER"]
[BlackTeamCountry "CZE"]

1. d4 Nf6 2. Bf4 c5 3. e3 d5 4. Nc3 cxd4 5. exd4 e6 6. Nb5 Na6 7. h3 Be7 8. Nf3 0-0 9. Be2 Bd7 10. a4 Bxb5 11. axb5 Nc7 12. 0-0 Ne4 13. Qd3 Bd6 14. Be3 Ne8 15. c4 b6 16. Ra4 N8f6 17. b3 Qd7 18. Rfa1 Rfc8 19. Ra6 Qe7 20. Ne5 Bxe5 21. dxe5 Nd7 22. Rxa7 Rxa7 23. Rxa7 Qe8 24. cxd5 Ndc5 25. Qd4 exd5 26. Bg4 Ra8 27. Rxa8 Qxa8 28. b4 Ne6 29. Bxe6 fxe6 30. Kh2 Qb8 31. g3 Qc7 32. Qa1 Nc3 33. Qa8+ Kf7 34. Qc6 Qxe5 35. Qxb6 Ne2 36. Qb7+ Kg6 37. Qc8 Nxg3 38. Qe8+ Kf5 39. Qf7+ Ke4 40. Qf4+ Qxf4 41. Bxf4 Kxf4 42. b6 1-0

[Event "Rail 6 countries 24th"]
[Site "Bad Salzuflen"]
[Date "2013.06.28"]
[Round "1.1"]
[White "Muehlbacher, Bernhard"]
[Black "Schuettig, Ruediger"]
[Result "1/2-1/2"]
[WhiteElo "2077"]
[BlackElo "2273"]
[PlyCount "86"]
[EventDate "2013.06.28"]
[EventType "team-tourn"]
[EventRounds "5"]
[EventCountry "GER"]
[SourceTitle "EXT 2014"]
[Source "ChessBase"]
[SourceDate "2013.11.20"]
[SourceVersion "1"]
[SourceVersionDate "2013.11.20"]
[SourceQuality "1"]
[WhiteTeam "Austria"]
[BlackTeam "Germany"]
[WhiteTeamCountry "AUT"]
[BlackTeamCountry "GER"]

1. c4 c5 2. g3 Nf6 3. Nc3 d5 4. cxd5 Nxd5 5. Bg2 Nc7 6. Nf3 Nc6 7. 0-0 e5 8. d3 Be7 9. Be3 Rb8 10. Nd2 Nd4 11. Nc4 f6 12. f4 b5 13. Nd2 Nf5 14. Bf2 exf4 15. gxf4 0-0 16. e4 Nd4 17. f5 Ba6 18. Ne2 Nxe2+ 19. Qxe2 b4 20. Nc4 Nb5 21. Rad1 Rc8 22. Kh1 Nd4 23. Qg4 Nc6 24. b3 Rf7 25. Rg1 Ne5 26. Qg3 Qc7 27. Bf3 Nxf3 28. Qxf3 Bd6 29. Ne3 Bb7 30. Rg2 Re8 31. Ng4 Kh8 32. Rc1 Qe7 33. h4 Rff8 34. h5 Qf7 35. Qh3 Bf4 36. Rxc5 Rc8 37. h6 g5 38. Bd4 Rxc5 39. Bxc5 Rd8 40. Bxb4 Qc7 41. Nxf6 Qc1+ 42. Rg1 Qc2 43. Rg2 Qc1+ 1/2-1/2

[Event "Rail 6 countries 24th"]
[Site "Bad Salzuflen"]
[Date "2013.06.28"]
[Round "2.1"]
[White "Schuettig, Ruediger"]
[Black "Horak, Michal"]
[Result "1/2-1/2"]
[WhiteElo "2273"]
[BlackElo "2299"]
[PlyCount "21"]
[EventDate "2013.06.28"]
[EventType "team-tourn"]
[EventRounds "5"]
[EventCountry "GER"]
[SourceTitle "EXT 2014"]
[Source "ChessBase"]
[SourceDate "2013.11.20"]
[SourceVersion "1"]
[SourceVersionDate "2013.11.20"]
[SourceQuality "1"]
[WhiteTeam "Germany"]
[BlackTeam "Czech Republic"]
[WhiteTeamCountry "GER"]
[BlackTeamCountry "CZE"]

1. d4 Nf6 2. Nf3 g6 3. Bf4 Bg7 4. e3 0-0 5. Be2 d6 6. h3 c5 7. c3 Nc6 8. 0-0 a6 9. a4 Nd5 10. Bh2 e5 11. c4 1/2-1/2

[Event "Rail 5 countries 23rd"]
[Site "Zakopane"]
[Date "2007.09.29"]
[Round "3.1"]
[White "Schuettig, Ruediger"]
[Black "Bolt, Graham"]
[Result "1/2-1/2"]
[WhiteElo "2235"]
[BlackElo "2097"]
[PlyCount "66"]
[EventDate "2007.09.28"]
[EventType "team-tourn"]
[EventRounds "5"]
[EventCountry "POL"]
[SourceTitle "EXT 2010"]
[Source "ChessBase"]
[SourceDate "2010.11.25"]
[SourceVersion "1"]
[SourceVersionDate "2010.11.25"]
[SourceQuality "1"]
[WhiteTeam "Germany"]
[BlackTeam "England"]
[WhiteTeamCountry "GER"]
[BlackTeamCountry "ENG"]

1. d4 Nf6 2. Nf3 g6 3. Bf4 Bg7 4. e3 d5 5. c4 0-0 6. Nc3 c6 7. h3 Qb6 8. Qb3 Qxb3 9. axb3 Nbd7 10. c5 Re8 11. g4 Ne4 12. b4 e5 13. dxe5 Nxe5 14. Nxe5 Bxe5 15. Bxe5 Rxe5 16. Bd3 Nxc3 17. bxc3 f5 18. gxf5 Bxf5 19. Be2 a6 20. Kd2 Rf8 21. Rh2 Be4 22. f4 Re7 23. h4 h5 24. Rh3 Kf7 25. Rg3 Rfe8 26. Rf1 Bf5 27. Rf2 a5 28. Bd3 Bxd3 29. Kxd3 axb4 30. cxb4 Ra8 31. Rgg2 Ra3+ 32. Kd2 Ra2+ 33. Kd3 Ra3+ 1/2-1/2

[Event "GER-chT Betriebe"]
[Site "Berlin"]
[Date "2006.10.06"]
[Round "4.3"]
[White "Schlittermann, Wolfgang"]
[Black "Schuettig, Ruediger"]
[Result "0-1"]
[WhiteElo "1761"]
[BlackElo "2234"]
[PlyCount "80"]
[EventDate "2006.10.05"]
[EventType "team-tourn"]
[EventRounds "7"]
[EventCountry "GER"]
[SourceTitle "EXT 2020"]
[Source "ChessBase"]
[SourceDate "2019.10.17"]
[SourceVersion "1"]
[SourceVersionDate "2019.10.17"]
[SourceQuality "1"]
[WhiteTeam "Gillette IV"]
[BlackTeam "Deutsche Bahn/BSW Berlin"]
[WhiteTeamCountry "GER"]
[BlackTeamCountry "GER"]

1. Nf3 g6 2. d4 Bg7 3. c4 d6 4. e3 Nd7 5. Nc3 Ngf6 6. Be2 0-0 7. h3 c6 8. 0-0 Qc7 9. Bd2 e5 10. d5 e4 11. Nh2 Nb6 12. Rc1 Qe7 13. dxc6 bxc6 14. Na4 Nfd7 15. Bc3 Ne5 16. Ba5 Be6 17. c5 Nxa4 18. cxd6 Qg5 19. Qxa4 Bd5 20. Ng4 Nd7 21. f4 exf3 22. Bxf3 Nb6 23. Qb4 h5 24. Nh2 Rab8 25. Bxb6 Rxb6 26. Qf4 Qxf4 27. exf4 Bxb2 28. Rcd1 Bxa2 29. Rd2 Bc4 30. Rfd1 c5 31. d7 Rd8 32. Kh1 Bd4 33. Re1 Be6 34. Rd3 Rxd7 35. Ra3 c4 36. Be4 c3 37. Nf3 Bf6 38. Bc2 Rb2 39. Rc1 Rd2 40. Be4 Re2 0-1

[Event "GER-chT Betriebe"]
[Site "Berlin"]
[Date "2006.10.05"]
[Round "2.2"]
[White "Schilar, Michael"]
[Black "Schuettig, Ruediger"]
[Result "1/2-1/2"]
[WhiteElo "2081"]
[BlackElo "2234"]
[PlyCount "103"]
[EventDate "2006.10.05"]
[EventType "team-tourn"]
[EventRounds "7"]
[EventCountry "GER"]
[SourceTitle "EXT 2007"]
[Source "ChessBase"]
[SourceDate "2006.11.23"]
[SourceVersion "1"]
[SourceVersionDate "2006.11.23"]
[SourceQuality "1"]
[WhiteTeam "SK Praesident III"]
[BlackTeam "Deutsche Bahn/BSW Berlin"]
[WhiteTeamCountry "GER"]
[BlackTeamCountry "GER"]

1. e4 d5 2. exd5 Nf6 3. d4 Nxd5 4. Nf3 Bg4 5. Be2 e6 6. 0-0 Be7 7. Ne5 Bxe2 8. Qxe2 c6 9. c4 Nf6 10. Rd1 0-0 11. Nc3 Nbd7 12. Bf4 Re8 13. Rac1 Nf8 14. Rc2 Ng6 15. Bg3 Bb4 16. a3 Bxc3 17. Rxc3 Ne7 18. Rcd3 Nd7 19. Bh4 Qc7 20. Bxe7 Rxe7 21. Qh5 Nf6 22. Qg5 h6 23. Qe3 Rd8 24. g4 Nd7 25. h4 Nxe5 26. Qxe5 Red7 27. Qxc7 Rxc7 28. Kf1 Rcd7 29. Ke2 b6 30. Ke3 f6 31. Ke4 Kf7 32. h5 g6 33. hxg6+ Kxg6 34. f4 f5+ 35. gxf5+ exf5+ 36. Kf3 Kf6 37. Rh1 Kg6 38. Rg1+ Kf7 39. Rgd1 Rd6 40. R3d2 h5 41. d5 cxd5 42. Rxd5 Rxd5 43. cxd5 h4 44. Kg2 Rg8+ 45. Kh3 Rg4 46. Rc1 Rxf4 47. Rc7+ Kf6 48. Rxa7 Rf3+ 49. Kxh4 Rb3 50. d6 Rxb2 51. d7 Ke7 52. Kg5 1/2-1/2

[Event "GER-chT Betriebe"]
[Site "Berlin"]
[Date "2006.10.05"]
[Round "1.2"]
[White "Schuettig, Ruediger"]
[Black "Wiessner, Johann"]
[Result "1/2-1/2"]
[WhiteElo "2234"]
[BlackElo "1877"]
[PlyCount "88"]
[EventDate "2006.10.05"]
[EventType "team-tourn"]
[EventRounds "7"]
[EventCountry "GER"]
[SourceTitle "EXT 2007"]
[Source "ChessBase"]
[SourceDate "2006.11.23"]
[SourceVersion "1"]
[SourceVersionDate "2006.11.23"]
[SourceQuality "1"]
[WhiteTeam "Deutsche Bahn/BSW Berlin"]
[BlackTeam "Augsburg Osram"]
[WhiteTeamCountry "GER"]
[BlackTeamCountry "GER"]

1. b3 e5 2. Bb2 Nc6 3. e3 d6 4. Nf3 Nf6 5. Be2 g6 6. c4 Bg7 7. 0-0 0-0 8. a3 Ne8 9. d4 exd4 10. Nxd4 Nxd4 11. Bxd4 Bxd4 12. Qxd4 Qf6 13. Qxf6 Nxf6 14. Nc3 Be6 15. Bf3 Rfd8 16. Rfd1 c6 17. Rd4 Kf8 18. Rad1 Ke7 19. h3 h5 20. h4 Rd7 21. e4 Rad8 22. Kf1 Bg4 23. Ke2 Bxf3+ 24. Kxf3 Ng4 25. Kg3 Ne5 26. Kf4 c5 27. R4d2 Nc6 28. Ne2 a6 29. Nc3 Nd4 30. Nd5+ Ke6 31. Nb6 Rc7 32. b4 Rc6 33. Na4 b5 34. cxb5 axb5 35. Nc3 Ra8 36. bxc5 dxc5 37. Rb1 Rxa3 38. Nxb5 Nxb5 39. Rxb5 c4 40. Rc2 Rd3 41. f3 c3 42. Rb3 Kd6 43. g4 hxg4 44. fxg4 Rh3 1/2-1/2

[Event "Oberliga Nord O 0405"]
[Site "Germany"]
[Date "2005.01.30"]
[Round "6.5"]
[White "Roehl, Rainer"]
[Black "Schuettig, Ruediger"]
[Result "0-1"]
[WhiteElo "2198"]
[BlackElo "2234"]
[PlyCount "78"]
[EventDate "2004.10.24"]
[EventType "team-tourn"]
[EventRounds "9"]
[EventCountry "GER"]
[SourceTitle "EXT 2006"]
[Source "ChessBase"]
[SourceDate "2005.11.24"]
[SourceVersion "1"]
[SourceVersionDate "2005.11.24"]
[SourceQuality "1"]
[WhiteTeam "Greifswald"]
[BlackTeam "Oberschoeneweide"]
[WhiteTeamCountry "GER"]
[BlackTeamCountry "GER"]

1. d4 f5 2. e4 fxe4 3. Nc3 Nf6 4. f3 d5 5. fxe4 dxe4 6. Bg5 Bg4 7. Qd2 c6 8. Bc4 e6 9. h3 Bh5 10. g4 Bg6 11. Nge2 Bb4 12. 0-0-0 Qd6 13. Bxf6 gxf6 14. Qf4 Qxf4+ 15. Nxf4 Bxc3 16. bxc3 Ke7 17. Bxe6 Na6 18. Rde1 Rae8 19. Bc4 f5 20. Bxa6 bxa6 21. Kd2 Kd6 22. c4 c5 23. d5 fxg4 24. Nxg6 hxg6 25. hxg4 Ke5 26. Ke3 Ref8 27. Ref1 Rf3+ 28. Rxf3 Rxh1 29. Rf8 Rh3+ 30. Kd2 Kd4 31. d6 Rh2+ 32. Ke1 Rh7 33. Rf6 Ke3 34. Kf1 Rd7 35. Rxg6 Kd2 36. Rh6 e3 37. Rh2+ Kd1 38. Rh1 e2+ 39. Kf2+ Kd2 0-1

[Event "Oberliga Nord O 0405"]
[Site "Germany"]
[Date "2004.12.12"]
[Round "4.5"]
[White "Puhlmann, Rainer"]
[Black "Schuettig, Ruediger"]
[Result "0-1"]
[WhiteElo "2171"]
[BlackElo "2234"]
[PlyCount "150"]
[EventDate "2004.10.24"]
[EventType "team-tourn"]
[EventRounds "9"]
[EventCountry "GER"]
[SourceTitle "EXT 2006"]
[Source "ChessBase"]
[SourceDate "2005.11.24"]
[SourceVersion "1"]
[SourceVersionDate "2005.11.24"]
[SourceQuality "1"]
[WhiteTeam "Potsdam Empor"]
[BlackTeam "Oberschoeneweide"]
[WhiteTeamCountry "GER"]
[BlackTeamCountry "GER"]

1. Nf3 f5 2. c4 Nf6 3. g3 e6 4. Bg2 Be7 5. Nc3 0-0 6. 0-0 d5 7. cxd5 exd5 8. d4 Ne4 9. Qb3 c6 10. Ne5 Qb6 11. Qxb6 axb6 12. Nxe4 dxe4 13. Bd2 Be6 14. a3 Na6 15. f3 exf3 16. exf3 Rad8 17. Bc3 Nc7 18. Rfe1 Rfe8 19. f4 Bd5 20. Rad1 Bxg2 21. Kxg2 Nd5 22. Bd2 Bf6 23. Be3 Bxe5 24. fxe5 Rxe5 25. dxe5 Nxe3+ 26. Rxe3 Rxd1 27. Kf3 Kf7 28. e6+ Ke7 29. Kf4 Kf6 30. Kf3 Rd8 31. a4 g5 32. Rb3 g4+ 33. Ke3 Re8 34. Rxb6 Rxe6+ 35. Kf2 Re7 36. a5 Rc7 37. Ke3 Ke5 38. Rb4 h5 39. Rc4 Re7 40. Kf2 Rd7 41. Rb4 Rd5 42. Rxb7 Rxa5 43. Re7+ Kd4 44. Re2 Rb5 45. Rd2+ Ke5 46. Rc2 c5 47. Re2+ Kd4 48. Rd2+ Ke4 49. Ke2 Rb3 50. Rc2 Kd4 51. Rd2+ Kc4 52. Rc2+ Kb4 53. Rd2 h4 54. gxh4 Rh3 55. Kf1 Rxh4 56. Rf2 c4 57. Kg2 Rh5 58. Kg3 Kb3 59. Kf4 Rh3 60. Re2 Rf3+ 61. Kg5 Rf1 62. Rd2 Rb1 63. Kxf5 Rxb2 64. Rd8 Rxh2 65. Kxg4 c3 66. Rb8+ Kc2 67. Kf3 Kd1 68. Rb1+ Kd2 69. Rb8 Rh3+ 70. Ke4 Rd3 71. Rh8 c2 72. Rh2+ Kc3 73. Rh8 Rd1 74. Rc8+ Kb3 75. Ra8 c1Q 0-1

[Event "Oberliga Nord O 0304"]
[Site "Germany"]
[Date "2004.04.25"]
[Round "9.6"]
[White "Kimpinsky, Frank"]
[Black "Schuettig, Ruediger"]
[Result "0-1"]
[WhiteElo "2223"]
[BlackElo "2240"]
[PlyCount "66"]
[EventDate "2003.10.12"]
[EventType "team-tourn"]
[EventRounds "9"]
[EventCountry "GER"]
[SourceTitle "EXT 2005"]
[Source "ChessBase"]
[SourceDate "2004.11.15"]
[SourceVersion "1"]
[SourceVersionDate "2004.11.15"]
[SourceQuality "1"]
[WhiteTeam "Berlin Empor"]
[BlackTeam "Oberschoeneweide"]
[WhiteTeamCountry "GER"]
[BlackTeamCountry "GER"]

1. e4 d5 2. exd5 Nf6 3. Bb5+ Bd7 4. Bc4 b5 5. Be2 Nxd5 6. d4 e6 7. Nf3 c5 8. a4 bxa4 9. Ne5 Nc6 10. Nxd7 Qxd7 11. dxc5 Bxc5 12. Rxa4 Qc7 13. c3 Rd8 14. Qc2 0-0 15. 0-0 Ne5 16. Na3 f5 17. b4 Be7 18. Nb5 Qb8 19. Re1 Rc8 20. Qb3 Qb6 21. c4 Ng4 22. c5 Rxc5 23. bxc5 Bxc5 24. Rd1 Nxf2 25. Rxd5 Nd3+ 26. Be3 Bxe3+ 27. Kh1 Nf2+ 28. Kg1 Ne4+ 29. Kh1 exd5 30. Qxd5+ Kh8 31. g3 a6 32. Na3 Nc3 33. Rxa6 Nxd5 0-1

[Event "Oberliga Nord O 0001"]
[Site "Germany"]
[Date "2000.??.??"]
[Round "?"]
[White "Syre, Christian"]
[Black "Schuettig, Ruediger"]
[Result "1-0"]
[WhiteElo "2245"]
[BlackElo "2245"]
[PlyCount "47"]
[EventDate "2000.10.??"]
[EventType "team"]
[EventRounds "9"]
[EventCountry "GER"]
[SourceTitle "EXT 2004"]
[Source "ChessBase"]
[SourceDate "2003.11.25"]
[SourceVersion "1"]
[SourceVersionDate "2003.11.25"]
[SourceQuality "1"]

1. d4 g6 2. c4 Bg7 3. Nc3 d6 4. e4 Nd7 5. Nf3 h6 6. Be3 e5 7. h3 c6 8. Qc2 Ngf6 9. Be2 Qe7 10. 0-0 Nh5 11. Rfe1 Nf4 12. Bf1 Nf6 13. Bxf4 exf4 14. e5 dxe5 15. Rxe5 Be6 16. d5 Nxd5 17. cxd5 Bxe5 18. dxe6 Bxc3 19. exf7+ Qxf7 20. Qe4+ Kf8 21. bxc3 Re8 22. Ne5 Rg8 23. Re1 Qf5 24. Qb4+ 1-0